Problémy spojené s daňou z obratu v novom hospodárskom mechanizme Výskumná úloha ŠPEV 902 111 204

Saved in:
Bibliographic Details
Format: Book
Language:Slovak
Published: Bratislava Ústredný ústav národohospodárskeho výskumu 1987
Tags: Add Tag
No Tags, Be the first to tag this record!

MARC

LEADER 00000nam a2200000 4500
001 c024984
005 20251111093918.9
041 0 |a slo 
044 |a SK 
245 1 0 |a Problémy spojené s daňou z obratu v novom hospodárskom mechanizme  |b Výskumná úloha ŠPEV 902 111 204 
264 1 |a Bratislava  |b Ústredný ústav národohospodárskeho výskumu  |c 1987 
300 |a 51 s.